<?xml version="1.0" encoding="UTF-8"?>
<collection xmlns="http://www.loc.gov/MARC21/slim">
<record>
  <controlfield tag="001">157196</controlfield>
  <controlfield tag="005">20250520133512.0</controlfield>
  <datafield tag="037" ind1=" " ind2=" ">
    <subfield code="a">GDOC-2024-26448</subfield>
  </datafield>
  <datafield tag="970" ind1=" " ind2=" ">
    <subfield code="a">GDOC-2024-26448</subfield>
  </datafield>
  <datafield tag="041" ind1=" " ind2=" ">
    <subfield code="a">spa</subfield>
  </datafield>
  <datafield tag="041" ind1=" " ind2=" ">
    <subfield code="a">eng</subfield>
  </datafield>
  <datafield tag="540" ind1=" " ind2=" ">
    <subfield code="a">by-nc-sa</subfield>
    <subfield code="b">Creative Commons</subfield>
    <subfield code="c">3.0</subfield>
    <subfield code="u">http://creativecommons.org/licenses/by-nc-sa/3.0/</subfield>
  </datafield>
  <datafield tag="260" ind1=" " ind2=" ">
    <subfield code="a">Zaragoza</subfield>
    <subfield code="b">Universidad de Zaragoza</subfield>
    <subfield code="c">2024-2025</subfield>
  </datafield>
  <datafield tag="245" ind1="0" ind2="0">
    <subfield code="9">26448</subfield>
    <subfield code="a">Trabajo fin de Grado</subfield>
  </datafield>
  <datafield tag="242" ind1="0" ind2="0">
    <subfield code="9">26448</subfield>
    <subfield code="a">Undergraduate Dissertation</subfield>
  </datafield>
  <datafield tag="100" ind1=" " ind2=" ">
    <subfield code="0">(orcid)0000-0001-5091-9398</subfield>
    <subfield code="a">Luis Eduardo Arlegui, Crespo</subfield>
    <subfield code="1">135643</subfield>
  </datafield>
  <datafield tag="700" ind1=" " ind2=" ">
    <subfield code="0">(orcid)0000-0002-2430-7424</subfield>
    <subfield code="a">Marcos Aurell, Cardona</subfield>
    <subfield code="1">149252</subfield>
  </datafield>
  <datafield tag="700" ind1=" " ind2=" ">
    <subfield code="0">(orcid)0000-0003-2487-547X</subfield>
    <subfield code="a">Beatriz Azanza, Asensio</subfield>
    <subfield code="1">360782</subfield>
  </datafield>
  <datafield tag="700" ind1=" " ind2=" ">
    <subfield code="0">(orcid)0000-0003-1112-524X</subfield>
    <subfield code="a">Beatriz María Bádenas, Lago</subfield>
    <subfield code="1">123360</subfield>
  </datafield>
  <datafield tag="700" ind1=" " ind2=" ">
    <subfield code="0">(orcid)0000-0002-4970-6333</subfield>
    <subfield code="a">Blanca Bauluz, Lázaro</subfield>
    <subfield code="1">123643</subfield>
  </datafield>
  <datafield tag="700" ind1=" " ind2=" ">
    <subfield code="0">(orcid)0000-0003-3652-3527</subfield>
    <subfield code="a">Antonio María Casas, Sainz</subfield>
    <subfield code="1">110057</subfield>
  </datafield>
  <datafield tag="700" ind1=" " ind2=" ">
    <subfield code="0">(orcid)0000-0003-3950-1630</subfield>
    <subfield code="a">Diego Castanera, Andrés</subfield>
    <subfield code="1">509176</subfield>
  </datafield>
  <datafield tag="700" ind1=" " ind2=" ">
    <subfield code="0">(orcid)0000-0001-8949-5676</subfield>
    <subfield code="a">Gloria Desir, Valen</subfield>
    <subfield code="1">140050</subfield>
  </datafield>
  <datafield tag="700" ind1=" " ind2=" ">
    <subfield code="0">(orcid)0000-0002-5407-940X</subfield>
    <subfield code="a">Francisco Gutiérrez, Santolalla</subfield>
    <subfield code="1">142068</subfield>
  </datafield>
  <datafield tag="700" ind1=" " ind2=" ">
    <subfield code="0">(orcid)0000-0002-8321-2396</subfield>
    <subfield code="a">María Pilar Lapuente, Mercadal</subfield>
    <subfield code="1">361839</subfield>
  </datafield>
  <datafield tag="700" ind1=" " ind2=" ">
    <subfield code="0">(orcid)0000-0002-8929-9429</subfield>
    <subfield code="a">María Aránzazu Luzón, Aguado</subfield>
    <subfield code="1">138495</subfield>
  </datafield>
  <datafield tag="700" ind1=" " ind2=" ">
    <subfield code="0">(orcid)0000-0002-7210-1033</subfield>
    <subfield code="a">Miguel Moreno, Azanza</subfield>
    <subfield code="1">495589</subfield>
  </datafield>
  <datafield tag="700" ind1=" " ind2=" ">
    <subfield code="0">(orcid)0000-0003-1563-6434</subfield>
    <subfield code="a">Belen Oliva, Urcia</subfield>
    <subfield code="1">311585</subfield>
  </datafield>
  <datafield tag="700" ind1=" " ind2=" ">
    <subfield code="0">(orcid)0000-0002-6607-2395</subfield>
    <subfield code="a">Guillermo Pérez, Villar</subfield>
    <subfield code="1">760766</subfield>
  </datafield>
  <datafield tag="700" ind1=" " ind2=" ">
    <subfield code="0">(orcid)0000-0001-8286-4088</subfield>
    <subfield code="a">José Ángel Sánchez, Navarro</subfield>
    <subfield code="1">386424</subfield>
  </datafield>
  <datafield tag="700" ind1=" " ind2=" ">
    <subfield code="a">Flavia Strani,  </subfield>
    <subfield code="1">810831</subfield>
  </datafield>
  <datafield tag="700" ind1=" " ind2=" ">
    <subfield code="0">(orcid)0000-0003-2214-7057</subfield>
    <subfield code="a">Blas Lorenzo Valero, Garces</subfield>
    <subfield code="1">115906</subfield>
  </datafield>
  <datafield tag="700" ind1=" " ind2=" ">
    <subfield code="0">(orcid)0000-0002-2169-4561</subfield>
    <subfield code="a">Alfonso Yuste, Oliete</subfield>
    <subfield code="1">315673</subfield>
  </datafield>
  <datafield tag="830" ind1=" " ind2=" ">
    <subfield code="9">588</subfield>
  </datafield>
  <datafield tag="856" ind1="4" ind2=" ">
    <subfield code="s">8616</subfield>
    <subfield code="u">http://zaguan.unizar.es/record/157196/files/guia-26448-es.pdf</subfield>
    <subfield code="y">Guía (idioma español)</subfield>
  </datafield>
  <datafield tag="856" ind1="4" ind2=" ">
    <subfield code="s">8782</subfield>
    <subfield code="u">http://zaguan.unizar.es/record/157196/files/guia-26448-en.pdf</subfield>
    <subfield code="y">Guide (english)</subfield>
  </datafield>
  <datafield tag="521" ind1=" " ind2=" ">
    <subfield code="9">114</subfield>
    <subfield code="a">Grado en Geología</subfield>
    <subfield code="b">Degree in Geology</subfield>
  </datafield>
  <datafield tag="980" ind1=" " ind2=" ">
    <subfield code="a">GDOC</subfield>
    <subfield code="b">Sciences</subfield>
    <subfield code="b">Ciencias</subfield>
    <subfield code="c">100</subfield>
  </datafield>
</record>
</collection>